<?xml version="1.0" encoding="UTF-8"?>
<record
    xmlns:xsi="http://www.w3.org/2001/XMLSchema-instance"
    xsi:schemaLocation="http://www.loc.gov/MARC21/slim http://www.loc.gov/standards/marcxml/schema/MARC21slim.xsd"
    xmlns="http://www.loc.gov/MARC21/slim">

  <leader>01799cam a22003974i 4500</leader>
  <datafield tag="999" ind1=" " ind2=" ">
    <subfield code="c">9151</subfield>
    <subfield code="d">9151</subfield>
  </datafield>
  <controlfield tag="001">44046813</controlfield>
  <controlfield tag="003">OCoLC</controlfield>
  <controlfield tag="005">20241126110706.0</controlfield>
  <controlfield tag="008">000503s2000    miu      b    001 0 eng  </controlfield>
  <datafield tag="010" ind1=" " ind2=" ">
    <subfield code="a">00033383</subfield>
  </datafield>
  <datafield tag="020" ind1=" " ind2=" ">
    <subfield code="a">0310497507</subfield>
    <subfield code="q">(alk. paper)</subfield>
  </datafield>
  <datafield tag="020" ind1=" " ind2=" ">
    <subfield code="a">9780310497509</subfield>
    <subfield code="q">(alk. paper)</subfield>
  </datafield>
  <datafield tag="035" ind1=" " ind2=" ">
    <subfield code="a">tcgc278536</subfield>
  </datafield>
  <datafield tag="035" ind1=" " ind2=" ">
    <subfield code="a">(OCoLC)44046813</subfield>
  </datafield>
  <datafield tag="040" ind1=" " ind2=" ">
    <subfield code="a">DLC</subfield>
    <subfield code="b">eng</subfield>
    <subfield code="e">rda</subfield>
    <subfield code="c">DLC</subfield>
    <subfield code="d">BAKER</subfield>
    <subfield code="d">NLGGC</subfield>
    <subfield code="d">BTCTA</subfield>
    <subfield code="d">YDXCP</subfield>
    <subfield code="d">OCLCG</subfield>
    <subfield code="d">IG#</subfield>
    <subfield code="d">OCLCQ</subfield>
    <subfield code="d">OCLCO</subfield>
    <subfield code="d">OUP</subfield>
    <subfield code="d">OCLCF</subfield>
    <subfield code="d">OCLCA</subfield>
    <subfield code="d">OCLCQ</subfield>
    <subfield code="d">NZABT</subfield>
    <subfield code="d">MNLUT</subfield>
  </datafield>
  <datafield tag="042" ind1=" " ind2=" ">
    <subfield code="a">pcc</subfield>
  </datafield>
  <datafield tag="050" ind1="0" ind2="0">
    <subfield code="a">BS2615.3</subfield>
    <subfield code="b">.B79 2000</subfield>
  </datafield>
  <datafield tag="082" ind1="0" ind2="0">
    <subfield code="a">220.77</subfield>
    <subfield code="a">226.5077</subfield>
    <subfield code="2">21</subfield>
    <subfield code="b">NIV</subfield>
  </datafield>
  <datafield tag="100" ind1="1" ind2=" ">
    <subfield code="a">Burge, Gary M.,</subfield>
    <subfield code="d">1952-</subfield>
    <subfield code="0">http://id.loc.gov/authorities/names/n86109569</subfield>
    <subfield code="9">15612</subfield>
  </datafield>
  <datafield tag="245" ind1="1" ind2="0">
    <subfield code="a">John :</subfield>
    <subfield code="b">from biblical text ... to contemporary life /</subfield>
    <subfield code="c">Gary M. Burge.</subfield>
  </datafield>
  <datafield tag="264" ind1=" " ind2="1">
    <subfield code="a">Grand Rapids, Mich. :</subfield>
    <subfield code="b">Zondervan,</subfield>
    <subfield code="c">[2000]</subfield>
  </datafield>
  <datafield tag="264" ind1=" " ind2="4">
    <subfield code="c">&#x2117;&#x266D;2000.</subfield>
  </datafield>
  <datafield tag="300" ind1=" " ind2=" ">
    <subfield code="a">618 pages ;</subfield>
    <subfield code="c">24 cm.</subfield>
  </datafield>
  <datafield tag="336" ind1=" " ind2=" ">
    <subfield code="a">text</subfield>
    <subfield code="b">txt</subfield>
    <subfield code="2">rdacontent</subfield>
  </datafield>
  <datafield tag="337" ind1=" " ind2=" ">
    <subfield code="a">unmediated</subfield>
    <subfield code="b">n</subfield>
    <subfield code="2">rdamedia</subfield>
  </datafield>
  <datafield tag="338" ind1=" " ind2=" ">
    <subfield code="a">volume</subfield>
    <subfield code="b">nc</subfield>
    <subfield code="2">rdacarrier</subfield>
  </datafield>
  <datafield tag="490" ind1="1" ind2=" ">
    <subfield code="a">The NIV application commentary.</subfield>
  </datafield>
  <datafield tag="504" ind1=" " ind2=" ">
    <subfield code="a">Includes bibliographical references and indexes.</subfield>
  </datafield>
  <datafield tag="505" ind1="0" ind2=" ">
    <subfield code="a">Series Introduction -- General Editor's Preface -- Author's Preface -- Abbreviations -- Introduction -- The Structure of John's Gospel -- Bibliography -- Text and Commentary on John,</subfield>
  </datafield>
  <datafield tag="630" ind1="0" ind2="0">
    <subfield code="a">Bible.</subfield>
    <subfield code="p">John</subfield>
    <subfield code="0">http://id.loc.gov/authorities/names/n79060414</subfield>
    <subfield code="v">Commentaries.</subfield>
    <subfield code="0">http://id.loc.gov/authorities/subjects/sh99001404</subfield>
    <subfield code="9">3972</subfield>
  </datafield>
  <datafield tag="650" ind1=" " ind2="4">
    <subfield code="a">Bible. John</subfield>
    <subfield code="x">Commentaries.</subfield>
    <subfield code="9">15960</subfield>
  </datafield>
  <datafield tag="655" ind1=" " ind2="7">
    <subfield code="a">Commentaries.</subfield>
    <subfield code="2">fast</subfield>
    <subfield code="0">http://id.worldcat.org/fast/1423723</subfield>
    <subfield code="9">875</subfield>
  </datafield>
  <datafield tag="830" ind1=" " ind2="0">
    <subfield code="a">NIV application commentary.</subfield>
    <subfield code="0">http://id.loc.gov/authorities/names/n94048887</subfield>
    <subfield code="9">1769</subfield>
  </datafield>
  <datafield tag="856" ind1="4" ind2=" ">
    <subfield code="3">Cover image</subfield>
    <subfield code="u">https://covers.openlibrary.org/b/id/171457-M.jpg</subfield>
  </datafield>
  <datafield tag="942" ind1=" " ind2=" ">
    <subfield code="2">ddc</subfield>
    <subfield code="c">REF</subfield>
  </datafield>
  <datafield tag="952" ind1=" " ind2=" ">
    <subfield code="0">0</subfield>
    <subfield code="1">0</subfield>
    <subfield code="2">ddc</subfield>
    <subfield code="4">0</subfield>
    <subfield code="7">0</subfield>
    <subfield code="a">GBC</subfield>
    <subfield code="b">GBC</subfield>
    <subfield code="c">COM</subfield>
    <subfield code="d">2022-04-18</subfield>
    <subfield code="l">0</subfield>
    <subfield code="o">220.77 NIV</subfield>
    <subfield code="p">015550</subfield>
    <subfield code="r">2025-05-01 00:00:00</subfield>
    <subfield code="t">v.27</subfield>
    <subfield code="w">2022-04-18</subfield>
    <subfield code="y">REF</subfield>
  </datafield>
</record>
